ARRUPE JESUIT UNIVERSITY

CORONAVIRUS -STOP THE SPREAD - CLEAN,DISINFECT,COVER

The pursuit of inquiry / (Record no. 122965)

MARC details
000 -LEADER
fixed length control field 01035cam a2200301 a 4500
001 - CONTROL NUMBER
control field 2015723
003 - CONTROL NUMBER IDENTIFIER
control field ARRUPE
005 - DATE AND TIME OF LATEST TRANSACTION
control field 20150716151657.0
008 - FIXED-LENGTH DATA ELEMENTS--GENERAL INFORMATION
fixed length control field 910905s1992 nyua b s001 0 eng
010 ## - LIBRARY OF CONGRESS CONTROL NUMBER
LC control number 91033859
020 ## - INTERNATIONAL STANDARD BOOK NUMBER
International Standard Book Number 0791411192 (hard : alk. paper)
020 ## - INTERNATIONAL STANDARD BOOK NUMBER
International Standard Book Number 0791411206 (pbk. : alk. paper)
040 ## - CATALOGING SOURCE
Original cataloging agency DLC
Transcribing agency DLC
Modifying agency DLC
050 00 - LIBRARY OF CONGRESS CALL NUMBER
Classification number B72
Item number .S33 1992
082 00 - DEWEY DECIMAL CLASSIFICATION NUMBER
Classification number 144/.3
Edition number 20
300 ## - PHYSICAL DESCRIPTION
Other physical details ill. ;
Dimensions 24 cm.
100 1# - MAIN ENTRY--PERSONAL NAME
Personal name Schulkin, Jay.
9 (RLIN) 14553
245 14 - TITLE STATEMENT
Title The pursuit of inquiry /
Statement of responsibility, etc Jay Schulkin.
260 ## - PUBLICATION, DISTRIBUTION, ETC. (IMPRINT)
Place of publication, distribution, etc Albany :
Name of publisher, distributor, etc State University of New York,
Date of publication, distribution, etc c1992.
300 ## - PHYSICAL DESCRIPTION
Extent x, 207 p. :
504 ## - BIBLIOGRAPHY, ETC. NOTE
Bibliography, etc Includes bibliographical references (p. 169-191) and index.
650 #0 - SUBJECT ADDED ENTRY--TOPICAL TERM
Topical term or geographic name as entry element Philosophy.
9 (RLIN) 18291
650 #0 - SUBJECT ADDED ENTRY--TOPICAL TERM
Topical term or geographic name as entry element Philosophy of mind.
9 (RLIN) 18292
650 #0 - SUBJECT ADDED ENTRY--TOPICAL TERM
Topical term or geographic name as entry element Pragmatism.
9 (RLIN) 18293
650 #0 - SUBJECT ADDED ENTRY--TOPICAL TERM
Topical term or geographic name as entry element Inquiry (Theory of knowledge)
9 (RLIN) 18294
906 ## - LOCAL DATA ELEMENT F, LDF (RLIN)
a 7
b cbc
c orignew
d 1
e ocip
f 19
g y-gencatlg
942 ## - ADDED ENTRY ELEMENTS (KOHA)
Source of classification or shelving scheme Library of Congress Classification
Koha item type Monograph ( Printed materials)
Holdings
Withdrawn status Lost status Source of classification or shelving scheme Damaged status Not for loan Collection code Home library Current library Shelving location Date acquired Total Checkouts Full call number Barcode Date last seen Price effective from Koha item type
    Library of Congress Classification     Main Collection ARRUPE LIBRARY ARRUPE LIBRARY Main Collection 16/07/2015   B72.S33 1992 46500004537 16/07/2015 16/07/2015 Monograph ( Printed materials)

 

Arrupe Library. PO Box MP320 Mt Pleasant, Harare, Zimbabwe
263 242 745411|librarian@aju.ac.zw